<?xml version="1.0" encoding="UTF-8"?>
<record
    xmlns:xsi="http://www.w3.org/2001/XMLSchema-instance"
    xsi:schemaLocation="http://www.loc.gov/MARC21/slim http://www.loc.gov/standards/marcxml/schema/MARC21slim.xsd"
    xmlns="http://www.loc.gov/MARC21/slim">

  <leader>03627nam a22002657a 4500</leader>
  <datafield tag="999" ind1=" " ind2=" ">
    <subfield code="c">21882</subfield>
    <subfield code="d">21882</subfield>
  </datafield>
  <controlfield tag="003">AR-CdUCM</controlfield>
  <controlfield tag="008">190425b           ||||| |||| 00| 0 spa d</controlfield>
  <datafield tag="040" ind1=" " ind2=" ">
    <subfield code="a">MUNICIPALIDAD PROVINCIAL DEL CUSCO</subfield>
    <subfield code="c">BIBLIOTECA MUNICIPAL DEL CUSCO</subfield>
  </datafield>
  <datafield tag="082" ind1=" " ind2=" ">
    <subfield code="a">Rev.AHC/N&#xB0;11/1963</subfield>
  </datafield>
  <datafield tag="110" ind1=" " ind2=" ">
    <subfield code="a">Archivo Regional del Cusco</subfield>
    <subfield code="9">46600</subfield>
  </datafield>
  <datafield tag="245" ind1=" " ind2=" ">
    <subfield code="a">Revista del Archivo Hist&#xF3;rico del Cuzco /</subfield>
    <subfield code="c">Universidad Nacional del Cuzco</subfield>
  </datafield>
  <datafield tag="260" ind1=" " ind2=" ">
    <subfield code="a">Cusco :</subfield>
    <subfield code="b">H.G. Rozas,</subfield>
    <subfield code="c">1963.</subfield>
  </datafield>
  <datafield tag="300" ind1=" " ind2=" ">
    <subfield code="a">219 [186] p&#xE1;ginas. :</subfield>
    <subfield code="b">ilustraciones ;</subfield>
    <subfield code="c">24 cm.</subfield>
  </datafield>
  <datafield tag="440" ind1=" " ind2=" ">
    <subfield code="a">Revista del Archivo Hist&#xF3;rico.</subfield>
    <subfield code="n">N&#xB0;11, 1963</subfield>
    <subfield code="9">46627</subfield>
  </datafield>
  <datafield tag="505" ind1=" " ind2=" ">
    <subfield code="a">Contenido: Audiencia de Lima. -- Real Audiencia del Cusco. -- Universidad de San Antonio Abad del Cusco. -- Universidad de San Ignacio del Cuzco y relaciones con la de San Antonio Abad. -- Cartas de Fr. Vicente Valverde Obispo del Cusco y protector de los Indios. -- Doctrina de Fr. Buenaventura de Salinas y C&#xF3;rdoba un precursor de la Independencia en el siglo XVII. -- Cartas del Obispo Juan Solano al Rey. -- Expediente de Fr. Reginaldo de Liz&#xE1;rraga Obispo de la imperial de Chile. -- Relaci&#xF3;n de sujetos benem&#xE9;ritos enviada por el Obispo Don Lorenzo P&#xE9;rez Grado. -- Documentos referentes a la Catedral del Cusco. -- F&#xE1;brica de la Iglesia del Triunfo. -- Cartas del Obispo del Cuzco Don Manuel de Mollinedo y Angulo 1673-1699. -- Poder de los descendientes de los incas a Garcilaso de la Vega Inca. -- Probanzas de los Ingas de la ciudad del Cusco. -- Expediente informaci&#xF3;n de Don Juan  de Bustamante Carlos Inga, con varios cuadros sobre la genealog&#xED;a de los Incas. -- Expediente sobre el Marquesado de Oropesa y los derechos de don Juan de Bustamante Carlos Inga. -- Expediente sobre los excesos y abusos del Marques de Valleumbroso en el Cusco. -- Datos de personas importantes. -- T&#xED;tulos del Real Colegio de San Bernardo del Cusco. T&#xED;tulos de Villas y ciudades 1784-1805. -- Mercedes y privilegios a los descendientes de los Incas del Per&#xFA;. -- Pasajeros que llegaban del Cusco a Sevilla o iban a esta ciudad 1539-1559. -- Privilegios concedidos a la ciudad del Cusco. -- Juicio de despojo de la priora de Santa Catalina. -- Causa contra 18 curas patriotas o rebeldes. -- El Obispo P&#xE9;rez Almend&#xE1;riz rebelde al Rey. -- Descargo al Rey del Obispo Moscoso y Peralta respectivo a la revoluci&#xF3;n de Tupac Amaru. -- &#xCD;ndice de legajos sobre alborotos en el Per&#xFA;. -- Gracias, pensiones y t&#xED;tulos concedidos a don Mateo Pumacahua. -- Archivo Hist&#xF3;rico de Nacional de Madrid. Cr&#xF3;nica de Fr. Vicente de Valverde Obispo del Cusco del 2 de abril de 1539 sobre la sublevaci&#xF3;n de Manco II y la guerra civil entre Pizarro y Almagro. -- Relaci&#xF3;n de la ciudad del Cusco por Vasco de Contreras y Valverde. -- Ascendencia de Don Juan Carlos Inga. -- Relaci&#xF3;n del temblor y terremoto del Cusco el a&#xF1;o de 1650. -- Sobre la Universidad de San Ignacio de Loyola del Cusco. -- Relaci&#xF3;n sobre Juan de Santa Cruz Pachacuti sobre la tradiciones peruanas. -- Casa y tumba del Inca Garcilaso de la Vega en C&#xF3;rdoba de Espa&#xF1;a. --  Documentos sobre el Virrey Toledo. -- Los Mollinedo y la fundaci&#xF3;n de Betlemitas del Cusco. -- El Cabildo constitucional del Cusco durante la revoluci&#xF3;n de 1814. -- Horacio Villanueva Urteaga la Universidad Nacional de San Antonio Abad del Cusco.</subfield>
  </datafield>
  <datafield tag="650" ind1=" " ind2=" ">
    <subfield code="a">Documentos hist&#xF3;ricos</subfield>
    <subfield code="9">1122</subfield>
  </datafield>
  <datafield tag="650" ind1=" " ind2=" ">
    <subfield code="a">Patrimonio documental</subfield>
    <subfield code="9">44090</subfield>
  </datafield>
  <datafield tag="650" ind1=" " ind2=" ">
    <subfield code="a">Historia del Cusco</subfield>
    <subfield code="9">1714</subfield>
  </datafield>
  <datafield tag="650" ind1=" " ind2=" ">
    <subfield code="a">Instituciones coloniales</subfield>
    <subfield code="9">46628</subfield>
  </datafield>
  <datafield tag="650" ind1=" " ind2=" ">
    <subfield code="a">Real Audiencia del Cusco</subfield>
    <subfield code="9">46629</subfield>
  </datafield>
  <datafield tag="650" ind1=" " ind2=" ">
    <subfield code="a">Levantamientos andinos</subfield>
    <subfield code="9">44095</subfield>
  </datafield>
  <datafield tag="700" ind1=" " ind2=" ">
    <subfield code="a">Villanueva Urteaga, Horacio</subfield>
    <subfield code="9">5790</subfield>
  </datafield>
  <datafield tag="942" ind1=" " ind2=" ">
    <subfield code="2">ddc</subfield>
    <subfield code="c">PP</subfield>
  </datafield>
  <datafield tag="945" ind1=" " ind2=" ">
    <subfield code="a">rac</subfield>
  </datafield>
  <datafield tag="952" ind1=" " ind2=" ">
    <subfield code="0">0</subfield>
    <subfield code="2">ddc</subfield>
    <subfield code="4">0</subfield>
    <subfield code="7">0</subfield>
    <subfield code="a">HEM</subfield>
    <subfield code="b">HEM</subfield>
    <subfield code="c">CART</subfield>
    <subfield code="d">2021-09-07</subfield>
    <subfield code="g">10.00</subfield>
    <subfield code="o">Rev.AHC/N&#xB0;11/1963</subfield>
    <subfield code="p">REVC000395</subfield>
    <subfield code="r">2021-09-07</subfield>
    <subfield code="y">PP</subfield>
  </datafield>
  <datafield tag="952" ind1=" " ind2=" ">
    <subfield code="0">0</subfield>
    <subfield code="2">ddc</subfield>
    <subfield code="4">0</subfield>
    <subfield code="7">0</subfield>
    <subfield code="a">HEM</subfield>
    <subfield code="b">HEM</subfield>
    <subfield code="c">CART</subfield>
    <subfield code="d">2021-09-07</subfield>
    <subfield code="g">10.00</subfield>
    <subfield code="o">Rev.AHC/N&#xB0;11/1963/e.2</subfield>
    <subfield code="p">REVC000396</subfield>
    <subfield code="r">2021-09-07</subfield>
    <subfield code="y">PP</subfield>
  </datafield>
  <datafield tag="952" ind1=" " ind2=" ">
    <subfield code="0">0</subfield>
    <subfield code="2">ddc</subfield>
    <subfield code="4">0</subfield>
    <subfield code="7">0</subfield>
    <subfield code="a">HEM</subfield>
    <subfield code="b">HEM</subfield>
    <subfield code="c">CART</subfield>
    <subfield code="d">2021-09-07</subfield>
    <subfield code="g">10.00</subfield>
    <subfield code="o">Rev.AHC/N&#xB0;11/1963/e.3</subfield>
    <subfield code="p">REVC000397</subfield>
    <subfield code="r">2021-09-07</subfield>
    <subfield code="y">PP</subfield>
  </datafield>
  <datafield tag="952" ind1=" " ind2=" ">
    <subfield code="0">0</subfield>
    <subfield code="2">ddc</subfield>
    <subfield code="4">0</subfield>
    <subfield code="7">0</subfield>
    <subfield code="a">HEM</subfield>
    <subfield code="b">HEM</subfield>
    <subfield code="c">CART</subfield>
    <subfield code="d">2021-09-07</subfield>
    <subfield code="g">10.00</subfield>
    <subfield code="o">Rev.AHC/N&#xB0;11/1963/e.4</subfield>
    <subfield code="p">REVC000398</subfield>
    <subfield code="r">2021-09-07</subfield>
    <subfield code="y">PP</subfield>
  </datafield>
  <datafield tag="952" ind1=" " ind2=" ">
    <subfield code="0">0</subfield>
    <subfield code="2">ddc</subfield>
    <subfield code="4">0</subfield>
    <subfield code="7">0</subfield>
    <subfield code="a">HEM</subfield>
    <subfield code="b">HEM</subfield>
    <subfield code="c">CART</subfield>
    <subfield code="d">2021-09-07</subfield>
    <subfield code="g">10.00</subfield>
    <subfield code="o">Rev.AHC/N&#xB0;11/1963/e.5</subfield>
    <subfield code="p">REVC000399</subfield>
    <subfield code="r">2021-09-07</subfield>
    <subfield code="y">PP</subfield>
  </datafield>
</record>
